| 000 | 01174nam a22002177a 4500 | ||
|---|---|---|---|
| 942 | _cBK | ||
| 999 |
_c142 _d142 |
||
| 005 | 20250420134757.0 | ||
| 008 | 191121b ||||| |||| 00| 0 eng d | ||
| 020 | _a9780974320625 | ||
| 040 | _cKCST | ||
| 082 |
_a152.4 _bBr Em |
||
| 100 |
_aBradberry, Travis _9555 |
||
| 245 |
_aEmotional Intelligence 2.0 / _cTravis Bradberry; Jean Greaves |
||
| 260 |
_aSan Diego, CA : _bTalentSmart; _c[2009] ©2009 |
||
| 300 |
_axvii, 255 pages : illustrations ; _c 19 cm |
||
| 505 | _a The journey -- The big picture -- What emotional intelligence looks like: understanding the four skills -- Digging in: an action plan to increase your EQ -- Self-awareness strategies -- Self-management strategies -- Social awareness strategies -- Relationship management strategies -- Epilogue: Just the facts : a look at the latest discoveries in emotional intelligence -- Discussion questions for reading groups. | ||
| 520 | _a"Knowing what emotional intelligence is, and knowing how to use it to improve your life, are two very different things." --Publisher. | ||
| 650 |
_aEmotional intelligence. _xPsychological aspects. _9556 |
||
| 700 |
_aGreaves, Jean _9557 |
||
| 942 | _2ddc | ||